000
00283nam a22001337a 4500
008
190225b xxu||||| |||| 00| 0 eng d
020
_a
0867092947
041
_a
eng
080
_a
371
100
_a
46
101
_a
EDU
245
_a
Authors insights
_c
Gallo,D.R
942
_2
udc
_c
BK
999
_c
54172
_d
54172